Olympic medals per capita Quiz Stats

 Plays Quiz not verified by Sporcle

Challenge
Share
Tweet
Embed
Score 0/30 Timer 05:00
0 Plays Today
Rank Country % Correct
5 (summer)Norway
88.4%
2 (winter)Norway
88.4%
2 (summer)Sweden
86.1%
6 (winter)Sweden
86.1%
1 (summer)Finland
85.8%
3 (winter)Finland
85.8%
10 (winter)Canada
77.4%
4 (summer)Denmark
74.6%
4 (winter)Austria
74.5%
9 (summer)Switzerland
73.7%
5 (winter)Switzerland
73.7%
13 (summer)Australia
69.7%
9 (winter)Netherlands
68.2%
11 (summer)Jamaica
67%
12 (summer)New Zealand
65.7%
Rank Country % Correct
13 (winter)Germany
63.5%
3 (summer)Hungary
60.9%
15 (winter)Italy
58%
1 (winter)Liechtenstein
55.5%
11 (winter)Luxembourg
55.5%
14 (summer)Cuba
54.3%
10 (summer)Estonia
52.1%
8 (winter)Estonia
52.1%
7 (winter)East Germany
51.7%
12 (winter)Slovenia
50.8%
8 (summer)Bulgaria
47.2%
14 (winter)Croatia
45%
7 (summer)Bahamas
35%
6 (summer)East Germany
25.4%
15 (summer)Bermuda
5.2%

You're not logged in!

Compare scores with friends on all Sporcle quizzes.
OR
Log In

You Might Also Like...

Show Comments

Extras

Top Quizzes Today


Score Distribution

Your Account Isn't Verified!

In order to create a playlist on Sporcle, you need to verify the email address you used during registration. Go to your Sporcle Settings to finish the process.

Report this User

Report this user for behavior that violates our Community Guidelines.

Details: